01512nam a2200229 a 450000100100000000500170001000800410002704000250006810000490009324504880014226000370063030000170066750000340068450000220071850000260074070000430076604900090080995201700081895201710098895201060115999900170126500003414420200930070819.0110926s1793 es 000 0 spa d aDO-SdBNPbspacBNPHU1 aBoada de las Costas y Figueras, Pedro95956410aAdiciones y repertorio general de la practica universal forense de los Tribunales Superiores e Inferiores de España e Indias :bun tratado individual de los seis juicios, civil, ordinario, executivo, criminal, eclesiastico, extraordinario ex-abrupto y del de contrabando : un índice de las reales cédulas y decretos pontificios contenidos en los apendices del septimo y octavo tomo y de las colocadas al fin de esta obra /csu autor doctor Pedro Boada de las Costas y Figueras. aMadrid :bpor Ramon Ruiz,c1793. av. ;c21 cm. aLa biblioteca posee el v. 1-2 aIncluyen índice aTexto en dos columnas1 aElizondo, Francisco Antonio de.959095 aBNPD 001050718MOaGRbGRcCTd2011-09-26iLF1l0ov. 1p34144-10r2020-06-25w2020-06-25y1zPerteneció a la biblioteca personal de Julio Ortega Frier.ZNo se presta 0010507-18MOaGRbGRcOId2011-09-26iLF1l0ov. 2p34144-20r2020-06-25w2020-06-25y1zPerteneció a la biblioteca personal de Julio Ortega Frier.ZNo se presta 0010507-18MOaGRbGRcOId2011-09-26iLF1l0o p34145-10r2020-06-25w2020-06-25y1ZNo se presta c33635d33635